| 000 | 01153nam a2200265Ia 4500 | ||
|---|---|---|---|
| 003 | OSt | ||
| 005 | 20221005104749.0 | ||
| 006 | a|||||r|||| 00| 0 | ||
| 007 | ta | ||
| 008 | 221004b |||||||| |||| 00| 0 hin d | ||
| 020 |
_a9789380172613 (hbk) _c160 |
||
| 024 | _a8582 | ||
| 037 |
_b20476, 08/01/2014, Hindi Madhyam Karyanvyan Nideshalye _cTextual |
||
| 040 |
_aCRL _cCRL _bhin |
||
| 041 |
_2hin _ahin |
||
| 082 | _aW, 152Q3 | ||
| 100 | _aगौतम, बलवान, संपा. | ||
| 245 | 0 |
_aराजनीतिक सिद्धांत _b अवधारणाएं एंव विमर्श |
|
| 246 | _aRājanītik siddhāanta: avadhāraṇāean eanva vimarsha | ||
| 260 |
_aदिल्ली _bविश्वविद्यालय हिन्दी माध्यम कार्यान्वय निदेशालय भारत _c2013 |
||
| 300 |
_a129पृ0 _ccm. |
||
| 650 | _aराजनीतिक विज्ञान | ||
| 942 |
_hW, 152Q3 _cTEXL _2cc |
||
| 999 |
_c1013705 _d1013705 |
||